| 000 | 00638nam a2200181Ia 4500 | ||
|---|---|---|---|
| 008 | 090124s9999 xx 000 0 und d | ||
| 082 | _b46688 | ||
| 100 | _aलोटलीकर रसिका | ||
| 245 | _a वंडर्स ऑफ सेव्हन सिस्टर्स | ||
| 250 | _a1 | ||
| 260 | _c2007 | ||
| 300 | _a145+25 | ||
| 600 | _aलोटलीकर रसिका | ||
| 630 | _a वंडर्स ऑफ सेव्हन सिस्टर्स | ||
| 700 | _aलोटलीकर रसिका | ||
| 730 | _a वंडर्स ऑफ सेव्हन सिस्टर्स | ||
| 942 | _cBOOK | ||
| 999 |
_c112904 _d112904 |
||